| 000 | 01100cam a22003255i 4500 | ||
|---|---|---|---|
| 001 | 4966012 | ||
| 003 | EG-ScBUE | ||
| 005 | 20260315095318.0 | ||
| 008 | 971030t1998 caua f b 001 0 eng d | ||
| 020 | _a9780126363708 | ||
| 020 | _a0126363706 | ||
| 040 |
_aEG-ScBUE _beng _erda _cEG-ScBUE _dEG-ScBUE |
||
| 082 | 0 | 4 |
_a553.282 _222 _bSEL |
| 100 | 1 |
_aSelley, Richard C., _d1939- _938572 _eauthor. |
|
| 245 | 1 | 0 |
_aElements of petroleum geology / _cRichard C. Selley, Department of Geology, Imperial College, London, United Kingdom. |
| 250 | _aSecond edition. | ||
| 264 | 1 |
_aSan Diego : _bAcademic Press, _c[1998] |
|
| 264 | 4 | _cc1998 | |
| 300 |
_axvi, 470 pages : _billustrations ; _c27 cm |
||
| 336 |
_2rdacontent _atext _btxt |
||
| 337 |
_2rdamedia _aunmediated _bn |
||
| 338 |
_2rdacarrier _avolume _bnc |
||
| 500 | _aIncludes Appendices. | ||
| 504 | _aIncludes bibliographical references and index. | ||
| 650 | 7 |
_aPetroleum _xGeology. _2BUEsh _92225 |
|
| 650 | 7 |
_935896 _aNatural gas _xGeology. _2BUEsh |
|
| 653 |
_bENGPET _cJune2015 _cOctober2015 |
||
| 655 | _vReading book | ||
| 942 |
_2ddc _cBB |
||
| 999 |
_c19975 _d19947 |
||